| 000 | 00977nam2a2200241 4500 | ||
|---|---|---|---|
| 001 | rc\2839858 | ||
| 005 | 20260315045747.0 | ||
| 035 | _a(NLR Aleph) 006997455 | ||
| 090 |
_a13574520 _c13574520 |
||
| 100 | _a20110629d1931 u y0rusy50 ca | ||
| 101 | 0 | _arus | |
| 102 | _aRU | ||
| 105 | _ay z ||||| | ||
| 200 | 1 | _aПредприятие | |
| 210 | _d1931 | ||
| 215 | _a64 с. | ||
| 461 | 0 |
_1001rc\2839857 _12001#$aПартработа на современном этапе$eЧ. 1-$fЖ. Меерзон$vЧ. 1 _1700#1$aМеерзон$bЖ. И.$gЖозеф Исаакович$fпарт. деятель$c1894-1938$3RU\NLR\AUTH\770190880 _95687012 _aМеерзон, Ж. И. (1894-1938 ; парт. деятель) _cМосква _d1931 _fЖ. Меерзон _nОгиз _oЧ. 1- _tПартработа на современном этапе _vЧ. 1 |
|
| 801 | 0 |
_aRU _bNLR _gpsbo |
|
| 801 | 1 |
_aRU _bELAR _2rusmarc |
|
| 852 |
_aNLR _j31-15/148(1) |
||
| 942 | _cUNSPEC | ||
| 980 | _aNB | ||